Представление документа в формате RUSMARC

ПолеНазваниеЗначение
  Тип записи a
  Библиографический уровень m
001 Контрольный номер RU/УОНБ/EK/547827152
005 Дата корректировки 20250522122931.9
010 Индекс ISBN __
a ISBN 978-5-98697-347-0
d Цена 120 р.
9 Тираж 3000 экз.
b Уточнения в пер.
100 Данные общей обработки __
a Данные общей обработки 20170511d2015 u y0rusy0189||||ca
101 Язык документа 0_
a Язык текста rus
102 Страна публикации __
a Страна публикации RU
105 Кодированные данные (монография) __
a Кодированные данные (монография) a z 001ay
200 Заглавие и сведения об ответственности 1_
a Заглавие Письма с войны, 1941-1945
f Первые сведения об ответственности А. Твардовский
g Последующие сведения об ответственности подгот. текста, предисл., примеч., указ. имен В.А. Твардовской, О.А. Твардовской
210 Выходные данные 1_
a Место издания Москва
c Издательство Книжный Клуб 36,6
d Дата издания 2015
215 Физическое описание __
a Объем 429, [2] с.
c Иллюстрации/тип воспроизводства ил., 8 л. ил.
d Формат 21 см
300 Общие примечания __
a Общие примечания 12+
320 Библиография __
a Библиография Указ. имен: с. 424-430
606 Тематические рубрики 0_
a Основная рубрика Проза (х. л.)
606 Тематические рубрики 0_
a Основная рубрика Русская литература
z Хронологическая подрубрика 20 в.
610 Ключевые слова 0_
a Ключевые слова проза военная
610 Ключевые слова 0_
a Ключевые слова воспоминания о войне 1941-1945 гг.
610 Ключевые слова 0_
a Ключевые слова Твардовский А.Т.
686 Индексы других классификаций __
a Классификационный индекс 84Р2-4
2 Код системы rubbk
686 Индексы других классификаций __
a Классификационный индекс 83.3(2=Рус)6-8
2 Код системы rubbk
700 Автор _1
a Фамилия Твардовский
b Имя (инициалы) А.Т.
g Полное личное имя Александр Трифонович
702 Вторичная интеллектуальная ответственность _1
a Фамилия Твардовская
b Имя (инициалы) В.А.
4 Код отношения 080
702 Вторичная интеллектуальная ответственность _1
a Фамилия Твардовская
b Имя (инициалы) О.А.
4 Код отношения 080
801 Источник записи _0
a Страна RU
b Организация Ульяновская ОНБ
c Дата составления 20170511
g Правила каталогизации RCR
801 Источник записи _1
a Страна RU
b Организация Ульяновская ОНБ
c Дата составления 20170511
g Правила каталогизации RCR
901 Тип документа __
t Тип документа m
909 Создатель записи __
a Создатель записи Мейснер
b Дата создания записи 20170705
938 Служебная информация __
a Имя БД books
b Имя библиотеки УОНБ
c Имя АИБС МАРК-SQL
d Номер DOC_ID в БД 330621